00519nam a2200193 a 4500001001300000003000900013005001700022008004100039020000900080082001500089100002000104245004600124260004700170300000800217500003500225505001000260650003500270700002000305nice12345678IN_TiNIC20260116013931.0050524s1996 bana grp 000 0 eng  ac1200a294.5bPAR aParameswaran, P aHindu Wayb Road Map for the 21st Century aBangalorebSahitya Sindhu Prakashanac1996 a42p aincludes index and biblioraphy2 aIndex aReligious Fundamentalism-Hindu1 aParameswaran, P